राजभाषा हिंदी;और तकनीकी अनुवाद/ (Record no. 201631)

MARC details
000 -LEADER
fixed length control field 00858nam a22002057a 4500
005 - DATE AND TIME OF LATEST TRANSACTION
control field 20240320115831.0
010 ## - LCCN (DPL NO)
LC control number HIN-127006
020 ## - INTERNATIONAL STANDARD BOOK NUMBER
International Standard Book Number 9788188457052
Terms of availability 595.00
035 ## - SYSTEM CONTROL NUMBER
System control number HN-99352
037 ## - SOURCE OF ACQUISITION
Source of stock number/acquisition DBAD/PUB.
082 ## - DEWEY DECIMAL CLASSIFICATION NUMBER
Classification number 420
100 ## - MAIN ENTRY--PERSONAL NAME
Personal name रमेश चन्द्र
245 ## - TITLE STATEMENT
Title राजभाषा हिंदी;और तकनीकी अनुवाद/
Statement of responsibility, etc रमेश चन्द्र
260 ## - PUBLICATION, DISTRIBUTION, ETC. (IMPRINT)
Place of publication, distribution, etc नई दिल्ली
Name of publisher, distributor, etc कल्याणी शिक्षा परिषद
Date of publication, distribution, etc 2023
270 ## - ADDRESS
Address 3320-21, जटवाडा, नेताजी सुभाष मार्ग दरियागंज
City नई दिल्ली
Postal code 110002
300 ## - PHYSICAL DESCRIPTION
Extent 192 पृ;
Dimensions 23 सेमी (सजिल्द)
700 ## - ADDED ENTRY--PERSONAL NAME
9 (RLIN) 63631
710 ## - ADDED ENTRY--CORPORATE NAME
9 (RLIN) 63626
942 ## - ADDED ENTRY ELEMENTS (KOHA)
Institution code [OBSOLETE] dpl
Item type Hindi Books
Source of classification or shelving scheme Dewey Decimal Classification
Classification part 420
Call number suffix रमेश
Holdings
Withdrawn status Lost status Not for loan Collection code Home library Current library Date acquired Source of acquisition Cost, normal purchase price Full call number Barcode Copy number Cost, replacement price Koha item type
      Non-fiction Peshwa Road Peshwa Road 20/03/2024 DBAD/PUB 595.00 420 रमेश HN-99352 1 595.00 Hindi Books

© Delhi Public Library
Hit Counter
free hit counter